| 000 | 01213nam0a2200313 4500 | ||
|---|---|---|---|
| 001 | RU\NLR\bibl\188483 | ||
| 005 | 20260406132508.0 | ||
| 010 |
_a5-04-002397-9 _910100 |
||
| 021 |
_aRU _b2000-55497 _92573 |
||
| 035 | _a(NLR Aleph) 000185029 | ||
| 090 |
_a1068919 _c1068919 |
||
| 100 | _a20011003d2000 |||y0rusy50 ca | ||
| 101 | 0 | _arus | |
| 102 | _aRU | ||
| 105 | _ay ||||||||| | ||
| 200 | 1 |
_aБратва: век свободы не видать _e[Повести] _fЕвгений Монах |
|
| 210 |
_aМ. _cЭКСМО-Пресс _d2000 |
||
| 215 |
_a315, [2] с. _d17 |
||
| 225 | 1 |
_aРусский бестселлер _eРБ |
|
| 225 | 1 | _aPocket book | |
| 327 | 1 | _aСодерж.: Свидетель преступного мира; Что естественно - то не безобразно; Медвежья услуга; Стрельба рикошетом; В Одессе море холодное | |
| 686 | _aШ6(2=Р)75-446 | ||
| 700 | 1 |
_4070 _8rus _7ca _aМонах _bЕ. М. _gЕвгений Михайлович _3RU\NLR\auth\771902 _9111919 |
|
| 801 | 0 |
_aRU _bNLR _c20011003 _gPSBO |
|
| 801 | 1 |
_aRU _bNLR _c20011003 |
|
| 942 | _cBOOK | ||
| 980 | _aNB | ||